000 00286nam a22001337a 4500
008 171101b xxu||||| |||| 00| 0 eng d
020 _a0256019894
041 _aeng
080 _a33
100 _a59
101 _aBUS
245 _aBUSINESS POLICY
_cCHRISTENSEN.C.R
942 _2udc
_cBK
999 _c37001
_d37001